Extinct Animals Drawn From Life - Statistics

General Stats
  • This quiz has been taken 31 times
  • The average score is 6 of 19
Answer Stats
Picture Answer % Correct
Dodo
100%
Woolly Mammoth
89%
Thylacine
79%
Great Auk
61%
Irish Elk
57%
Passenger Pigeon
50%
Quagga
46%
Aurochs
36%
Ivory Billed Woodpecker
21%
Carolina Parakeet
18%
Cave Bear
14%
Cave Lion
11%
Chinese Paddlefish
7%
Choiseul Pigeon
7%
Solitaire
7%
Woolly Rhinoceros
7%
Bluebuck
4%
Broad Billed Parrot
4%
African Giant Buffalo
0%
No matching quizzes found
Score Distribution
Percent of People with Each Score
Percentile by Number Answered
Your Score History
You have not taken this quiz